[Event "Campionatul National Individual Masculi"]
[Site "Olanesti - Hotel Parang"]
[Date "2016.04.02"]
[Round "1.16"]
[White "Dobre, Claudiu Cristian"]
[Black "Raducanu, Andrei-Augustin"]
[Result "1/2-1/2"]
[WhiteElo "2358"]
[BlackElo "2099"]
[PlyCount "150"]
[EventDate "2016.04.02"]
[EventRounds "9"]

1. Nf3 Nf6 2. c4 e6 3. Nc3 d5 4. d4 Bb4 5. Qa4+ Nc6 6. Bg5 O-O 7. Rc1 h6 8.
Bxf6 Qxf6 9. cxd5 exd5 10. e3 a6 11. Be2 Bg4 12. O-O Qd6 13. Qb3 Bxc3 14. Rxc3
Rab8 15. Rfc1 Rfc8 16. Qc2 Nb4 17. Qa4 Nc6 18. h3 Bxf3 19. Bxf3 Ne7 20. Qa5 c6
21. Qb6 Rf8 22. a4 Qd8 23. Qc5 Nf5 24. e4 dxe4 25. Bxe4 Nxd4 26. Rd3 Ne2+ 27.
Kf1 Qe8 28. Rc4 Nf4 29. Qf5 Ng6 30. f4 Rd8 31. Rcd4 Rxd4 32. Rxd4 Qe7 33. Kg1
Rd8 34. Rxd8+ Qxd8 35. a5 Qd4+ 36. Kh2 Qxb2 37. Qc8+ Nf8 38. Qc7 Qb4 39. Bf5
Ne6 40. Qb8+ Nf8 41. Qc7 c5 42. Bc8 Ne6 43. Bxe6 fxe6 44. f5 exf5 45. Qc8+ Kf7
46. Qd7+ Kf6 47. Qd6+ Kf7 48. Qd7+ Kg6 49. Qe6+ Kg5 50. Qe7+ Kf4 51. Qxg7 Ke3
52. Qe5+ Kd2 53. Qd6+ Kc2 54. Qxh6 Qe4 55. Qg5 Qe5+ 56. g3 c4 57. h4 c3 58. h5
Kb2 59. h6 c2 60. Qg7 Qxg7 61. hxg7 c1=Q 62. g8=Q Qd2+ 63. Kh3 Qh6+ 64. Kg2
Qc6+ 65. Kh2 Qb5 66. Qd8 Ka3 67. Qd1 Qxa5 68. Qa1+ Kb4 69. Qb2+ Kc4 70. Qxb7
Qb5 71. Qe7 Kb3 72. Qe3+ Ka4 73. Qd4+ Ka5 74. Qd2+ Kb6 75. Qd6+ Kb7 1/2-1/2

[Event "Campionatul National Individual Masculi"]
[Site "Olanesti - Hotel Parang"]
[Date "2016.04.03"]
[Round "2.14"]
[White "Ognean, Mihnea Ionut"]
[Black "Dobre, Claudiu Cristian"]
[Result "1/2-1/2"]
[WhiteElo "2059"]
[BlackElo "2358"]
[PlyCount "93"]
[EventDate "2016.04.02"]
[EventRounds "9"]

1. e4 c6 2. d4 d5 3. e5 c5 4. c3 Nc6 5. Nf3 Bg4 6. dxc5 e6 7. b4 Qc7 8. Bf4
Nge7 9. Nbd2 Ng6 10. Bg3 Be7 11. h3 Bxf3 12. Nxf3 O-O 13. Bd3 a5 14. a3 axb4
15. cxb4 Qd7 16. O-O f5 17. Qc2 f4 18. Bxg6 hxg6 19. Bh2 Rf5 20. Qb2 Qc7 21.
Rfe1 g5 22. Rac1 Bf8 23. Qc3 Qd7 24. Rcd1 g6 25. g4 fxg3 26. fxg3 d4 27. Nxd4
Rxe5 28. Rxe5 Nxe5 29. Qb3 Rd8 30. Kg2 Nc6 31. Bg1 Bg7 32. Nxc6 Qxc6+ 33. Kh2
Rxd1 34. Qxd1 Qe4 35. Bf2 Bb2 36. Qd8+ Kh7 37. Qxg5 Bxa3 38. b5 Qc2 39. Qh4+
Kg8 40. Qd4 Bb2 41. Qf4 e5 42. Qf6 Bd4 43. Kg2 Qe4+ 44. Qf3 Qc2 45. Qf6 Qe4+
46. Qf3 Qc2 47. Qf6 1/2-1/2

[Event "Campionatul National Individual Masculi"]
[Site "Olanesti - Hotel Parang"]
[Date "2016.04.04"]
[Round "3.10"]
[White "Dobre, Claudiu Cristian"]
[Black "Rusan, Paul Cristian"]
[Result "1-0"]
[WhiteElo "2358"]
[BlackElo "2204"]
[PlyCount "65"]
[EventDate "2016.04.02"]
[EventRounds "9"]

1. b3 e5 2. Bb2 Nc6 3. e3 Nf6 4. Bb5 Bd6 5. Na3 a6 6. Bxc6 dxc6 7. Nc4 Qe7 8.
Ne2 O-O 9. O-O b5 10. Nxd6 cxd6 11. f4 Bg4 12. h3 Bxe2 13. Qxe2 Nd7 14. fxe5
dxe5 15. a4 f6 16. Ba3 Nc5 17. d4 exd4 18. Rf5 Rfe8 19. Bxc5 Qe4 20. Qd3 dxe3
21. Qxe4 Rxe4 22. Rf3 Rae8 23. axb5 e2 24. Re1 cxb5 25. b4 a5 26. bxa5 Rc4 27.
Re3 Rxe3 28. Bxe3 Rxc2 29. a6 Ra2 30. a7 b4 31. Rxe2 Ra1+ 32. Kf2 Kf7 33. Rb2
1-0

[Event "Campionatul National Individual Masculi"]
[Site "Olanesti - Hotel Parang"]
[Date "2016.04.05"]
[Round "4.11"]
[White "Martian, Dragos Daniel"]
[Black "Dobre, Claudiu Cristian"]
[Result "0-1"]
[WhiteElo "2233"]
[BlackElo "2358"]
[PlyCount "112"]
[EventDate "2016.04.02"]
[EventRounds "9"]

1. e4 e5 2. Nf3 Nf6 3. Nxe5 d6 4. Nf3 Nxe4 5. d4 d5 6. Bd3 Be7 7. O-O Nc6 8. c4
Nb4 9. Be2 O-O 10. a3 Nc6 11. Nc3 Nxc3 12. bxc3 Be6 13. Qa4 dxc4 14. Bxc4 Bxc4
15. Qxc4 Na5 16. Qa2 b5 17. Re1 Bd6 18. Bg5 Qd7 19. h3 h6 20. Bh4 Qc6 21. Be7
Rfe8 22. Bxd6 Rxe1+ 23. Rxe1 cxd6 24. Re7 Nc4 25. Nd2 Kf8 26. Re1 Nb6 27. Re3
Re8 28. Rf3 Re1+ 29. Kh2 d5 30. Qc2 Qd6+ 31. g3 g6 32. Rf4 Qe6 33. Kg2 Kg7 34.
Rf3 Qe2 35. Re3 Qd1 36. Qxd1 Rxd1 37. Nf3 Kf8 38. Ne5 Kg7 39. Nc6 a6 40. Re7
Nc4 41. Nb4 a5 42. Nxd5 Nxa3 43. Ra7 a4 44. Nc7 Rd3 45. Ra5 Nc4 46. Rxb5 a3 47.
Rb7 Rxc3 48. Ra7 Rc2 49. d5 a2 50. Ne6+ Kf6 51. Nd4 Rb2 52. Ra6+ Ke5 53. Nc6+
Kxd5 54. Kf3 Rb6 55. Ne7+ Ke6 56. Ra7 Rb3+ 0-1

[Event "Campionatul National Individual Masculi"]
[Site "Olanesti - Hotel Parang"]
[Date "2016.04.06"]
[Round "5.4"]
[White "Dobre, Claudiu Cristian"]
[Black "Miron, Lucian Costin"]
[Result "1/2-1/2"]
[WhiteElo "2358"]
[BlackElo "2511"]
[PlyCount "41"]
[EventDate "2016.04.02"]
[EventRounds "9"]

1. e4 e5 2. Nf3 Nc6 3. Bc4 Bc5 4. c3 Nf6 5. d3 a6 6. a4 O-O 7. O-O d6 8. Be3
Bxe3 9. fxe3 Qe7 10. Nbd2 Be6 11. Bxe6 Qxe6 12. d4 Ne7 13. a5 Nd7 14. Nh4 Rae8
15. Qf3 Qh6 16. Qf2 g6 17. g4 d5 18. Qg3 Qg5 19. Rae1 h5 20. gxh5 Qxh5 21. exd5
1/2-1/2

[Event "Campionatul National Individual Masculi"]
[Site "Olanesti - Hotel Parang"]
[Date "2016.04.07"]
[Round "6.7"]
[White "Toma, Radu Cristian"]
[Black "Dobre, Claudiu Cristian"]
[Result "1/2-1/2"]
[WhiteElo "2351"]
[BlackElo "2358"]
[PlyCount "95"]
[EventDate "2016.04.02"]
[EventRounds "9"]

1. d4 d5 2. c4 c6 3. e3 Nf6 4. Nc3 e6 5. Nf3 Nbd7 6. Bd3 Bd6 7. e4 dxe4 8. Nxe4
Nxe4 9. Bxe4 e5 10. O-O exd4 11. Qxd4 Qf6 12. Be3 Ne5 13. Rfe1 O-O 14. Ng5 Ng6
15. Qxf6 gxf6 16. Nf3 Re8 17. Bd2 Bg4 18. h3 Bxf3 19. Bxf3 Ne5 20. Be2 Bc5 21.
Bc3 a5 22. a3 a4 23. Rad1 Kg7 24. g3 Rad8 25. Rxd8 Rxd8 26. Rd1 Rxd1+ 27. Bxd1
Nxc4 28. Bxa4 Ne5 29. Kg2 Nd3 30. Bc2 Ne5 31. Bf5 Nc4 32. Bd3 Nb6 33. b4 Nd5
34. Bxf6+ Nxf6 35. bxc5 Nd7 36. Kf3 Nxc5 37. Bc2 h6 38. Ke3 Kf6 39. f4 Ke6 40.
Bb1 f6 41. Ba2+ Kd6 42. Kd4 b6 43. h4 f5 44. Bb1 Ne6+ 45. Ke3 Ng7 46. Bc2 b5
47. Bd3 Kd5 48. Be2 1/2-1/2

[Event "Campionatul National Individual Masculi"]
[Site "Olanesti - Hotel Parang"]
[Date "2016.04.08"]
[Round "7.5"]
[White "Dobre, Claudiu Cristian"]
[Black "Dolana, Andrei Theodor"]
[Result "1-0"]
[WhiteElo "2358"]
[BlackElo "2346"]
[PlyCount "99"]
[EventDate "2016.04.02"]
[EventRounds "9"]

1. e4 c5 2. Nf3 e6 3. c4 Nc6 4. Nc3 Nd4 5. Nxd4 cxd4 6. Ne2 Nf6 7. d3 d5 8.
exd5 exd5 9. Nxd4 dxc4 10. dxc4 Bb4+ 11. Bd2 Bxd2+ 12. Qxd2 Ne4 13. Qe3 Qa5+
14. Kd1 Bf5 15. Nxf5 O-O-O+ 16. Kc1 Qxf5 17. Bd3 Rhe8 18. Re1 Rxd3 19. Qxd3
Qxf2 20. Rxe4 Rxe4 21. Qxe4 Qf1+ 22. Kc2 Qxa1 23. Qe8+ Kc7 24. Qxf7+ Kc6 25.
Qxg7 Qxa2 26. Qh6+ Kc5 27. Qf8+ Kd4 28. Qf4+ Kc5 29. Qe3+ Kc6 30. Qe6+ Kc7 31.
Qe5+ Kd7 32. Qd5+ Kc7 33. Qc5+ Kd7 34. Qf5+ Kd6 35. Qf6+ Kd7 36. Qd4+ Kc6 37.
Qf6+ Kd7 38. Qg7+ Kc6 39. Qh6+ Kc5 40. Qh5+ Kd6 41. Qd5+ Kc7 42. Qc5+ Kd7 43.
Qf5+ Kd6 44. Kc3 Qa1 45. Qxh7 Qe1+ 46. Kb3 Qe3+ 47. Ka2 b5 48. Qg6+ Kc5 49. h4
Kb4 50. Qd6+ 1-0

[Event "Campionatul National Individual Masculi"]
[Site "Olanesti - Hotel Parang"]
[Date "2016.04.09"]
[Round "8.4"]
[White "Deac, Bogdan Daniel"]
[Black "Dobre, Claudiu Cristian"]
[Result "1/2-1/2"]
[WhiteElo "2497"]
[BlackElo "2358"]
[PlyCount "103"]
[EventDate "2016.04.02"]
[EventRounds "9"]

1. c4 Nf6 2. Nc3 c6 3. Nf3 d5 4. e3 Bg4 5. cxd5 Bxf3 6. Qxf3 cxd5 7. Bb5+ Nc6
8. Bxc6+ bxc6 9. b3 e6 10. Bb2 Qa5 11. O-O Ba3 12. Bxa3 Qxa3 13. Rfc1 O-O 14.
Na4 Nd7 15. Qe2 Rfb8 16. d4 a5 17. Rab1 Rb4 18. Qb2 Qxb2 19. Rxb2 Ra6 20. Rbc2
Nb8 21. Nc5 Ra7 22. f4 Kf8 23. Kf2 Ke7 24. Ke2 Kd6 25. Kd2 Na6 26. Na4 Rc7 27.
Nc5 Nxc5 28. Rxc5 Rb5 29. R1c3 f6 30. Kd3 f5 31. g3 Rxc5 32. Rxc5 Ra7 33. h3
Kc7 34. g4 Kb6 35. gxf5 exf5 36. Rc1 g6 37. h4 h5 38. Rg1 Rg7 39. a4 Rg8 40.
Rb1 Re8 41. Rc1 Re7 42. Rc2 Re8 43. Rc3 Re7 44. Kc2 Re8 45. Kb2 Re4 46. Kc2 Re7
47. Kd3 Re8 48. Rc2 Re7 49. Rg2 Re6 50. Rc2 Re8 51. Rc3 Re7 52. Rc1 1/2-1/2

[Event "Campionatul National Individual Masculi"]
[Site "Olanesti - Hotel Parang"]
[Date "2016.04.10"]
[Round "9.5"]
[White "Dobre, Claudiu Cristian"]
[Black "Anton, Teodor"]
[Result "0-1"]
[WhiteElo "2358"]
[BlackElo "2418"]
[PlyCount "108"]
[EventDate "2016.04.02"]
[EventRounds "9"]

1. e4 c5 2. Nf3 d6 3. Bb5+ Nd7 4. d4 Ngf6 5. Nc3 cxd4 6. Qxd4 a6 7. Bxd7+ Nxd7
8. Be3 e6 9. O-O Qc7 10. a4 Ne5 11. Nxe5 dxe5 12. Qb6 Qxb6 13. Bxb6 Bd7 14.
Rfd1 Bc6 15. a5 Bb4 16. f3 g5 17. Na4 Rc8 18. c3 Be7 19. Nc5 g4 20. Nd3 Rg8 21.
Kh1 f6 22. c4 h5 23. b3 Kf7 24. Bf2 Rcd8 25. Bb6 Rd7 26. b4 h4 27. Nf2 Rxd1+
28. Rxd1 gxf3 29. gxf3 Bxb4 30. Ng4 Rh8 31. Kg2 Bc3 32. Rd8 Rh5 33. Kh3 f5 34.
Nf2 Bd4 35. Bxd4 exd4 36. Rxd4 fxe4 37. Nxe4 Rxa5 38. Kxh4 Ra2 39. h3 a5 40.
Kg5 a4 41. Nd6+ Kg7 42. Rd3 a3 43. Kh4 Ra1 44. Nb5 Bxb5 45. cxb5 a2 46. Rd8 Kg6
47. b6 e5 48. Ra8 Kf5 49. Ra4 Ke6 50. Kh5 Kd6 51. h4 Kc6 52. Kh6 Kxb6 53. h5
Kc5 54. Kh7 b5 0-1

[Event "Campionatele Nationale pe echipe-Superl"]
[Site "Mamaia"]
[Date "2015.10.03"]
[Round "1.2"]
[White "Baklan, Vladimir"]
[Black "Dobre, Claudiu Cristian"]
[Result "1-0"]
[WhiteElo "2617"]
[BlackElo "2358"]
[PlyCount "91"]
[EventDate "2015.10.03"]
[EventType "team"]
[EventRounds "9"]
[WhiteTeam "CS STUDENTESC MEDICINA TIMISOARA"]
[BlackTeam "CS PETROM FLACARA MORENI"]

1. e4 e5 2. Nf3 Nf6 3. Nxe5 d6 4. Nf3 Nxe4 5. Nc3 Nf6 6. d4 Be7 7. Bd3 O-O 8.
h3 d5 9. O-O Nc6 10. a3 a6 11. Bf4 Bd6 12. Bg5 Be6 13. Qd2 Re8 14. Rfe1 h6 15.
Bh4 Be7 16. Bg3 Bd6 17. Be5 Bxe5 18. dxe5 Nd7 19. Qf4 d4 20. Ne2 Bd5 21. Nexd4
Nxd4 22. Nxd4 Qg5 23. Qxg5 hxg5 24. e6 Bxe6 25. Nxe6 Rxe6 26. Rxe6 fxe6 27. Rd1
Nf8 28. Be4 c6 29. Kh2 Kf7 30. Kg3 Kf6 31. Rd3 Ng6 32. Rb3 Ra7 33. Rf3+ Nf4 34.
Kg4 Ke5 35. Re3 Nd5 36. Bxd5+ Kxd5 37. Kxg5 b5 38. Kg6 e5 39. h4 c5 40. h5 b4
41. g4 a5 42. g5 c4 43. c3 bxa3 44. bxa3 e4 45. h6 gxh6 46. gxh6 1-0

[Event "Campionatele Nationale pe echipe-Superl"]
[Site "Mamaia"]
[Date "2015.10.04"]
[Round "2.2"]
[White "Dobre, Claudiu Cristian"]
[Black "Svetushkin, Dmitry"]
[Result "1/2-1/2"]
[WhiteElo "2358"]
[BlackElo "2586"]
[PlyCount "185"]
[EventDate "2015.10.03"]
[EventType "team"]
[EventRounds "9"]
[WhiteTeam "CS PETROM FLACARA MORENI"]
[BlackTeam "CS POLITEHNICA-ANTIBIOTICE IASI"]

1. Nf3 d5 2. d4 Nf6 3. c4 c6 4. cxd5 cxd5 5. Nc3 Nc6 6. Bf4 a6 7. Rc1 Bf5 8. e3
Rc8 9. Bd3 Bxd3 10. Qxd3 e6 11. O-O Be7 12. Ne5 O-O 13. Nxc6 Rxc6 14. Ne2 Qa5
15. Rxc6 bxc6 16. a3 Nd7 17. Qc2 Rc8 18. Rc1 Nb6 19. Bg3 g6 20. Nf4 Qb5 21. Nd3
a5 22. f3 a4 23. Be1 Nc4 24. e4 Bg5 25. f4 Be7 26. Bb4 Bxb4 27. Nxb4 Nd6 28. e5
Nc4 29. Qf2 c5 30. dxc5 Rxc5 31. Qd4 Rc8 32. Kf2 Qb7 33. Rc3 Qe7 34. g3 Kg7 35.
Kg2 h5 36. h3 h4 37. g4 g5 38. f5 Qc5 39. f6+ Kh6 40. Qxc5 Rxc5 41. Kg1 Rb5 42.
Nd3 Kh7 43. Kf1 Kg8 44. Ke1 Rb3 45. Rxb3 axb3 46. Kf2 Kf8 47. Ke2 Ke8 48. Kf2
Kd8 49. Ke2 Kc7 50. Nc5 Nxe5 51. Nxb3 Nd7 52. Nd4 Nxf6 53. a4 Ne4 54. a5 Kb7
55. b4 Ka6 56. Nc6 Nd6 57. Nd4 Nb5 58. Nc6 Nd6 59. Nd4 Nc4 60. Nf3 f6 61. Nd4
e5 62. Nf5 Kb5 63. Ne7 d4 64. Kd3 Nd6 65. Nd5 f5 66. Nf6 f4 67. Nd7 Nc4 68. a6
Nb2+ 69. Kc2 Kxa6 70. Nxe5 Na4 71. Kd3 Kb5 72. Nf3 Kxb4 73. Kxd4 Nc3 74. Nxg5
Ne2+ 75. Kd3 Ng1 76. Ke4 Kc4 77. Kxf4 Kd5 78. Nf3 Nxh3+ 79. Kf5 Kc4 80. Ke5 Kc5
81. Nxh4 Kc6 82. Ng2 Kd7 83. Nf4 Ng5 84. Kf5 Nf3 85. Ng6 Ke8 86. Ke4 Ng5+ 87.
Kf4 Nh3+ 88. Kg3 Ng5 89. Ne5 Kf8 90. Kf4 Nh3+ 91. Kf5 Kg7 92. Nd3 Kf7 93. Nf4
1/2-1/2

[Event "Campionatele Nationale pe echipe-Superl"]
[Site "Mamaia"]
[Date "2015.10.05"]
[Round "3.2"]
[White "Vovk Andrey (UKR)"]
[Black "Dobre, Claudiu Cristian"]
[Result "1-0"]
[WhiteElo "2619"]
[BlackElo "2358"]
[PlyCount "107"]
[EventDate "2015.10.03"]
[EventType "team"]
[EventRounds "9"]
[WhiteTeam "CS AEM LUXTEN TIMISOARA"]
[BlackTeam "CS PETROM FLACARA MORENI"]

1. e4 e5 2. Nf3 Nf6 3. d4 Nxe4 4. dxe5 d5 5. Nbd2 Nc6 6. Bb5 Bd7 7. O-O Nxe5 8.
Nxe5 Bxb5 9. Nxe4 dxe4 10. Qh5 Qd5 11. Rd1 Be2 12. Qxe2 Qxe5 13. Bf4 Qxf4 14.
Qb5+ Ke7 15. g3 Qg4 16. Qxb7 Rc8 17. Rd4 Kf6 18. Re1 Bd6 19. Rexe4 Qg5 20.
Rxd6+ cxd6 21. Rf4+ Qxf4 22. gxf4 Ra8 23. Qd5 Ke7 24. Qg5+ Kd7 25. Kf1 g6 26.
Qf6 Rhf8 27. Ke1 Rac8 28. Qd4 Rc7 29. Kd2 Rfc8 30. c3 f5 31. b3 Ke6 32. Kd3 Rb8
33. Qa4 Rbc8 34. Kd4 Ke7 35. Qa5 Ke6 36. c4 Ke7 37. h4 Ke6 38. Qa6 Ke7 39. Qa5
Ke6 40. h5 Ke7 41. h6 Kd7 42. a3 Ke7 43. Qa6 Rb8 44. b4 Rb6 45. Qa4 Rbc6 46.
Qb3 Kf6 47. Kd5 Rxc4 48. Qxc4 Rxc4 49. Kxc4 g5 50. fxg5+ Kxg5 51. b5 Kf4 52. a4
Ke4 53. a5 d5+ 54. Kb3 1-0

[Event "Campionatele Nationale pe echipe-Superl"]
[Site "Mamaia"]
[Date "2015.10.06"]
[Round "4.2"]
[White "Moldovan , Daniel"]
[Black "Dobre, Claudiu Cristian"]
[Result "1/2-1/2"]
[WhiteElo "2438"]
[BlackElo "2358"]
[PlyCount "29"]
[EventDate "2015.10.03"]
[EventType "team"]
[EventRounds "9"]
[WhiteTeam "CSU PLOIESTI"]
[BlackTeam "CS PETROM FLACARA MORENI"]

1. e4 e5 2. Nf3 Nf6 3. Nc3 Nc6 4. Bb5 Nd4 5. Bc4 d6 6. Nxd4 exd4 7. Nd5 Nxd5 8.
Bxd5 c6 9. Bb3 Be7 10. d3 a5 11. a4 O-O 12. O-O Be6 13. Bxe6 fxe6 14. b3 e5 15.
f4 1/2-1/2

[Event "Campionatele Nationale pe echipe-Superl"]
[Site "Mamaia"]
[Date "2015.10.07"]
[Round "5.1"]
[White "Iordachescu, Viorel"]
[Black "Dobre, Claudiu Cristian"]
[Result "1/2-1/2"]
[WhiteElo "2583"]
[BlackElo "2358"]
[PlyCount "150"]
[EventDate "2015.10.03"]
[EventType "team"]
[EventRounds "9"]
[WhiteTeam "ACS SAH APA NOVA BUCURESTI"]
[BlackTeam "CS PETROM FLACARA MORENI"]

1. e4 e5 2. Bc4 Nf6 3. d3 c6 4. Nf3 d5 5. Bb3 Bb4+ 6. c3 Bd6 7. O-O O-O 8. exd5
Nxd5 9. Re1 Re8 10. Nbd2 Nd7 11. Nc4 Bc7 12. h3 b5 13. Ne3 Nxe3 14. Bxe3 h6 15.
a4 Bb6 16. axb5 cxb5 17. Bd5 Rb8 18. Bxb6 Nxb6 19. Bb3 Qc7 20. d4 Bb7 21. Nxe5
Bd5 22. Bxd5 Nxd5 23. Qf3 Red8 24. Ra6 Rb6 25. Rxb6 axb6 26. g3 f6 27. Ng6 b4
28. cxb4 Qc4 29. Qe4 Qxb4 30. Re2 Qd6 31. h4 b5 32. h5 Qd7 33. Qf3 Kh7 34. Rc2
Ne7 35. Qe4 Nf5 36. Rc5 Nd6 37. Qc2 Kg8 38. Rc7 Qe6 39. Re7 Qc4 40. Qxc4+ bxc4
41. d5 Nf5 42. Rc7 Rxd5 43. Rxc4 Rb5 44. b4 Nd6 45. Rc6 Nf5 46. Rc5 Rxc5 47.
bxc5 Kf7 48. Nf4 Ke7 49. Kg2 Nd4 50. Kh3 Kd7 51. Nd3 Kc6 52. Kg4 Kd5 53. Kf4
Kc4 54. Ke3 f5 55. Nf4 Nc2+ 56. Kd2 Nd4 57. Nd3 Nb3+ 58. Ke3 Nd4 59. f3 Kd5 60.
g4 fxg4 61. fxg4 Nc6 62. Nf4+ Ke5 63. Ne2 Kd5 64. Ng3 Ne5 65. Kf4 g6 66. Ne4
Nd3+ 67. Ke3 gxh5 68. Kxd3 hxg4 69. Ke3 Ke5 70. c6 Ke6 71. Kf4 h5 72. Kg3 Ke7
73. Kf4 Ke6 74. Kg3 Ke7 75. Kh4 Kd8 1/2-1/2

[Event "Campionatele Nationale pe echipe-Superl"]
[Site "Mamaia"]
[Date "2015.10.08"]
[Round "6.2"]
[White "Erdos Viktor (HUN)"]
[Black "Dobre, Claudiu Cristian"]
[Result "1/2-1/2"]
[WhiteElo "2617"]
[BlackElo "2358"]
[PlyCount "162"]
[EventDate "2015.10.03"]
[EventType "team"]
[EventRounds "9"]
[WhiteTeam "CLUBUL DE SAH AL MUNICIPIULUI BAIA MARE"]
[BlackTeam "CS PETROM FLACARA MORENI"]

1. c4 Nf6 2. Nc3 c6 3. e4 d5 4. e5 d4 5. exf6 dxc3 6. bxc3 exf6 7. d4 Bd6 8.
Bd3 O-O 9. Qc2 h6 10. Ne2 Re8 11. O-O b6 12. a4 Qc7 13. a5 Bb7 14. Ng3 c5 15.
Qd1 Bf4 16. Qg4 Bxc1 17. Rfxc1 g6 18. Bxg6 fxg6 19. Qxg6+ Kf8 20. Nh5 Qf7 21.
Qxh6+ Ke7 22. Re1+ Kd8 23. Rxe8+ Qxe8 24. Nxf6 Qe7 25. dxc5 Kc8 26. Rd1 Bc6 27.
cxb6 axb6 28. axb6 Kb7 29. h4 Nd7 30. Nxd7 Bxd7 31. Qd6 Qxd6 32. Rxd6 Bc6 33.
f3 Rh8 34. Rd4 Kxb6 35. Kh2 Kc5 36. Rf4 Bd7 37. Rd4 Be6 38. Rf4 Rh7 39. Rf6 Bd7
40. Rf4 Be6 41. Kg3 Rg7+ 42. Kf2 Rh7 43. Ke3 Rh5 44. g3 Bxc4 45. Rf6 Bb5 46.
Kf4 Bd7 47. Rf7 Kd6 48. Rg7 Ra5 49. Ke3 Re5+ 50. Kf2 Rc5 51. g4 Rxc3 52. h5 Be6
53. Rg5 Ke7 54. Kg3 Rd3 55. Re5 Kf6 56. Re4 Bd5 57. Rf4+ Kg5 58. Rf5+ Kh6 59.
Rf6+ Kg7 60. g5 Rc3 61. Kg4 Re3 62. h6+ Kh7 63. f4 Bf3+ 64. Kf5 Be4+ 65. Ke5
Bg6+ 66. Kd6 Rd3+ 67. Ke7 Re3+ 68. Re6 Rf3 69. Rf6 Re3+ 70. Kd6 Rd3+ 71. Ke5
Re3+ 72. Kd4 Rd3+ 73. Kc4 Rd8 74. f5 Bh5 75. Rc6 Rg8 76. Rc7+ Kh8 77. g6 Bxg6
78. fxg6 Rxg6 79. h7 Rg7 80. Rxg7 Kxg7 81. h8=Q+ Kxh8 1/2-1/2

[Event "Campionatele Nationale pe echipe-Superl"]
[Site "Mamaia"]
[Date "2015.10.09"]
[Round "7.2"]
[White "Dobre, Claudiu Cristian"]
[Black "Ionescu, Constantin"]
[Result "1/2-1/2"]
[WhiteElo "2358"]
[BlackElo "2453"]
[PlyCount "28"]
[EventDate "2015.10.03"]
[EventType "team"]
[EventRounds "9"]
[WhiteTeam "CS PETROM FLACARA MORENI"]
[BlackTeam "CS VICTORIA TECHIRGHIOL"]

1. Nf3 Nf6 2. c4 c5 3. Nc3 b6 4. e4 d6 5. d4 cxd4 6. Nxd4 Bb7 7. Qe2 g6 8. g3
Bg7 9. Bg2 O-O 10. O-O Nbd7 11. Rd1 Ne8 12. e5 Bxg2 13. exd6 Nxd6 14. Kxg2 Rc8
1/2-1/2

[Event "Campionatele Nationale pe echipe-Superl"]
[Site "Mamaia"]
[Date "2015.10.10"]
[Round "8.2"]
[White "Vedmediuc, Serghei"]
[Black "Dobre, Claudiu Cristian"]
[Result "1/2-1/2"]
[WhiteElo "2437"]
[BlackElo "2358"]
[PlyCount "71"]
[EventDate "2015.10.03"]
[EventType "team"]
[EventRounds "9"]
[WhiteTeam "CS SAH CLUB GALATI"]
[BlackTeam "CS PETROM FLACARA MORENI"]

1. e4 e5 2. Nf3 Nf6 3. Nxe5 d6 4. Nf3 Nxe4 5. d4 d5 6. Bd3 Be7 7. O-O Nc6 8. c4
Nb4 9. Be2 O-O 10. Nc3 Be6 11. Bf4 c5 12. Re1 Nc6 13. Nxd5 Bxd5 14. cxd5 Qxd5
15. dxc5 Qf5 16. Bd3 Qxf4 17. Bxe4 Bf6 18. Qa4 Qc7 19. Rab1 Rfd8 20. Bxc6 Qxc6
21. Qxc6 bxc6 22. b4 a5 23. b5 Rd5 24. bxc6 Rxc5 25. Rec1 Rxc1+ 26. Rxc1 Rc8
27. g4 Kf8 28. a4 Ke7 29. g5 Bb2 30. Rc2 Ba1 31. Nd2 Bd4 32. Nc4 Rxc6 33. Re2+
Kf8 34. Nxa5 Ra6 35. Nb3 Rxa4 36. Nxd4 1/2-1/2

[Event "Campionatele Nationale pe echipe-Superl"]
[Site "Mamaia"]
[Date "2015.10.11"]
[Round "9.2"]
[White "Dobre, Claudiu Cristian"]
[Black "Vasiesiu, Dan"]
[Result "1-0"]
[WhiteElo "2358"]
[BlackElo "2388"]
[PlyCount "81"]
[EventDate "2015.10.03"]
[EventType "team"]
[EventRounds "9"]
[WhiteTeam "CS PETROM FLACARA MORENI"]
[BlackTeam "CS APOLLO SATU MARE"]

1. Nf3 Nf6 2. d4 g6 3. Bf4 Bg7 4. e3 O-O 5. Nbd2 d6 6. h3 c5 7. c3 b6 8. Bd3
Bb7 9. Qe2 a6 10. a4 cxd4 11. exd4 Nbd7 12. Bh2 Re8 13. O-O Qc7 14. Rfe1 Bh6
15. Ne4 Nxe4 16. Bxe4 Nf6 17. Bxb7 Qxb7 18. g4 Bf8 19. Nd2 Rec8 20. f3 b5 21.
axb5 axb5 22. Bg3 Nd5 23. Ne4 Qc6 24. g5 Nb6 25. b3 Bg7 26. Qd3 Qd5 27. Bf2 Qf5
28. h4 h6 29. Qe2 hxg5 30. hxg5 d5 31. Ng3 Qxg5 32. Rxa8 Nxa8 33. Qxe7 Qxe7 34.
Rxe7 Nc7 35. Rd7 Kf8 36. Ne2 Ke8 37. Rd6 Ra8 38. Bg3 Ra2 39. Kf1 b4 40. Rb6
Ra1+ 41. Kf2 1-0

[Event "Camp. rumeno 2015"]
[Site "Calimanesti ROM"]
[Date "2015.04.18"]
[Round "1"]
[White "Pop, Alexandru"]
[Black "Dobre, Claudiu Cristian"]
[Result "1-0"]
[WhiteElo "2158"]
[BlackElo "2360"]
[PlyCount "58"]
[EventDate "2015.04.18"]
[EventRounds "9"]

1. d4 d5 2. c4 c6 3. Nc3 Nf6 4. e3 e6 5. Nf3 Nbd7 6. Bd3 dxc4 7. Bxc4 b5 8. Bd3
a6 9. O-O c5 10. a4 b4 11. Ne4 Bb7 12. Nxf6+ Nxf6 13. Qe2 cxd4 14. Nxd4 e5 15.
Nb3 e4 16. Bc4 Bd6 17. Nd4 Qa5 18. b3 Qe5 19. g3 O-O 20. Bb2 Qa5 21. Rfd1 Be5
22. Rac1 Rfe8 23. Rc2 g6 24. Rdc1 Nd7 25. Qg4 Rad8 26. h4 Bd6 27. Ne6 Rc8 28.
Ng5 Rxc4 29. Qxd7 Rf8 1-0

[Event "Camp. rumeno 2015"]
[Site "Calimanesti ROM"]
[Date "2015.04.19"]
[Round "2"]
[White "Dobre, Claudiu Cristian"]
[Black "Acsinte, Matei-Ionut"]
[Result "1-0"]
[WhiteElo "2360"]
[BlackElo "2118"]
[PlyCount "55"]
[EventDate "2015.04.18"]
[EventRounds "9"]

1. Nf3 f5 2. d3 d6 3. e4 e5 4. Nc3 Nf6 5. exf5 Bxf5 6. d4 Nbd7 7. Be2 Qe7 8.
Bg5 O-O-O 9. Nh4 g6 10. Nxf5 gxf5 11. Qd3 c6 12. d5 e4 13. Qh3 Qe5 14. O-O-O
Be7 15. Be3 Nxd5 16. Nxd5 cxd5 17. f4 Qe6 18. g4 Rhf8 19. gxf5 Qxf5 20. Bg4 Qf7
21. Be6 Qf6 22. Rhf1 Kc7 23. Bxd5 Nc5 24. f5 Qh8 25. Qg3 Bf6 26. Bxc5 Bxb2+ 27.
Kb1 Be5 28. Qb3 1-0

[Event "Camp. rumeno 2015"]
[Site "Calimanesti ROM"]
[Date "2015.04.20"]
[Round "3"]
[White "Stoleriu , George"]
[Black "Dobre, Claudiu Cristian"]
[Result "0-1"]
[WhiteElo "2172"]
[BlackElo "2360"]
[PlyCount "178"]
[EventDate "2015.04.18"]
[EventRounds "9"]

1. e4 c6 2. Nf3 d5 3. Nc3 Nf6 4. e5 Ne4 5. Be2 Nxc3 6. bxc3 e6 7. d4 b6 8. O-O
Be7 9. c4 Ba6 10. cxd5 Bxe2 11. Qxe2 cxd5 12. Qb5+ Qd7 13. c4 dxc4 14. Qxc4 O-O
15. Rd1 Nc6 16. d5 exd5 17. Qxd5 Qxd5 18. Rxd5 Nb4 19. Rd7 Rfd8 20. Rxd8+ Rxd8
21. Bd2 h6 22. Kf1 Rc8 23. Ne1 Rc4 24. Ke2 Nc6 25. f4 Ra4 26. Nc2 h5 27. g3 Bc5
28. Be3 Rc4 29. Kd3 Rxc2 30. Kxc2 Bxe3 31. Kd3 Bc5 32. Ke4 Kf8 33. h3 Ke7 34.
g4 h4 35. Rd1 Nb4 36. a4 Na2 37. Kd3 Ke6 38. Kc4 g5 39. fxg5 Be7 40. Rb1 Nb4
41. Re1 Bxg5 42. Rd1 Be7 43. Kb5 Nd5 44. Rf1 Nc3+ 45. Kc6 Nxa4 46. Ra1 Nc3 47.
Rxa7 b5 48. Rb7 b4 49. Rb8 Ne2 50. Kb5 Nf4 51. Kc4 Kxe5 52. Rb5+ Ke6 53. Rb6+
Bd6 54. Rb5 Nxh3 55. Rh5 Bg3 56. Kxb4 Nf2 57. Rh6+ f6 58. g5 Ng4 59. Rxh4 Bxh4
60. gxf6 Bxf6 61. Kb5 Kd5 62. Kb6 Ne5 63. Kb7 Kc5 64. Kc7 Be7 65. Kb7 Kb5 66.
Ka7 Kc6 67. Kb8 Nd7+ 68. Kc8 Nb6+ 69. Kb8 Bd6+ 70. Ka7 Be5 71. Ka6 Bb8 72. Ka5
Nd5 73. Ka4 Kc5 74. Kb3 Nb4 75. Kc3 Bf4 76. Kb3 Be5 77. Ka4 Kc4 78. Ka5 Bd4 79.
Ka4 Bb6 80. Ka3 Nd3 81. Ka4 Nb2+ 82. Ka3 Kc3 83. Ka2 Kc2 84. Ka3 Bc5+ 85. Ka2
Nd3 86. Ka1 Ba3 87. Ka2 Bc1 88. Ka1 Bb2+ 89. Ka2 Nc1# 0-1